| 000 | 00758nam a2200217 a 4500 | ||
|---|---|---|---|
| 001 | BRCA_299 | ||
| 005 | 20190320202942.0 | ||
| 008 | 000517s1980 mx-a---##b---#000-0#spa-u | ||
| 041 | _aspa | ||
| 044 | _amx | ||
| 050 | 4 |
_aHT111 _b.C59 1980 |
|
| 245 | 1 | 0 |
_aEl códice de los asentamientos humanos _crealización y diseño, Beatrice Trueblood ; coordinación general del proyecto Miguel Angel Corzo. |
| 260 |
_aMéxico _bSecretaría de Asentamientos Humanos y Obras Públicas _c1980 |
||
| 300 |
_a378 p. _bil. (algunas a color) _c43 cm. |
||
| 504 | _aBibliografía: p. 375-377 | ||
| 650 | 1 | 4 |
_aCiudades y pueblos _xHistoria _91002 |
| 650 | 1 | 4 |
_aCivilización _91003 |
| 700 | 1 |
_aTrueblood, Beatrice _9615 |
|
| 700 | 1 |
_aCorzo, Miguel Angel _91004 |
|
| 942 |
_2lcc _cB |
||
| 999 |
_c241 _d241 |
||